Statistics for Longest Serving Australian Heads of Government by Time in Office

Click here to take the quiz!

General Stats

  • This quiz has been taken 9 times
  • The average score is 11 of 20

Answer Stats

Time in officeJurisdictionPartyAnswer% Correct
10 years, 121 daysNew South WalesLaborBob Carr
100%
18 years, 163 daysFederalUnited Australia/LiberalSir Robert Menzies
100%
9 years 214 daysSouth AustraliaLaborDon Dunstan
80%
11 years, 325 daysTasmania/FederalLabor/United AustraliaJoseph Lyons
80%
10 years, 51 daysNew South WalesLaborNeville Wran
80%
10 years, 179 daysVictoriaCountrySir Albert Dunstan
80%
19 years, 114 daysQueenslandCountry & NationalSir Joh Bjelke-Petersen
80%
11 years, 267 daysFederalLiberalJohn Howard
60%
10 years, 48 daysWestern AustraliaPro-ForrestSir John Forrest
60%
26 years, 125 daysSouth AustraliaLiberal & Country LeagueSir Thomas Playford IV
60%
10 years, 91 daysQueenslandLaborWilliam Forgan Smith
60%
9 years, 230 daysSouth AustraliaLaborMike Rann
40%
11 years, 335 daysWestern AustraliaLiberalSir David Brand
40%
17 years, 77 daysVictoriaLiberal & Country/LiberalSir Henry Bolte
40%
11 years, 278 daysNew South WalesFree TradeSir Henry Parkes
40%
13 years, 240 daysTasmaniaLaborEric Reece
20%
9 years, 299 daysSouth AustraliaLaborJohn Bannon
20%
10 years, 158 daysQueenslandCountrySir Francis Nicklin
20%
9 years, 236 daysNew South WalesLiberalSir Robert Askin
20%
18 years, 182 daysTasmaniaLaborSir Robert Cosgrove
20%

Score Distribution

Percentile by Number Answered

Percent of People with Each Score

Your Score History

You have not taken this quiz